|
|
|
|
| LEADER |
01295nam a2200373Ia 4500 |
| 001 |
EBC698884 |
| 003 |
MiAaPQ |
| 005 |
20191030193400.0 |
| 006 |
m o d | |
| 007 |
cr cn||||||||| |
| 008 |
100803s2011 nju s 001 0 eng d |
| 010 |
|
|
|z 2010032753
|
| 020 |
|
|
|z 9780470529744 (cloth)
|
| 020 |
|
|
|z 9780470529744
|
| 020 |
|
|
|a 9781118001202 (electronic bk.)
|
| 035 |
|
|
|a (MiAaPQ)EBC698884
|
| 035 |
|
|
|a (Au-PeEL)EBL698884
|
| 035 |
|
|
|a (CaPaEBR)ebr10447821
|
| 035 |
|
|
|a (CaONFJC)MIL302598
|
| 035 |
|
|
|a (OCoLC)708569130
|
| 040 |
|
|
|a MiAaPQ
|c MiAaPQ
|d MiAaPQ
|
| 050 |
|
4 |
|a HG4661
|b .K33 2011
|
| 082 |
0 |
4 |
|a 332.64/52
|2 22
|
| 100 |
1 |
|
|a Kaufman, Perry J.
|
| 245 |
1 |
0 |
|a Alpha trading
|h [electronic resource] :
|b profitable strategies that remove directional risk /
|c Perry Kaufman.
|
| 260 |
|
|
|a Hoboken, NJ :
|b John Wiley & Sons,
|c c2011.
|
| 300 |
|
|
|a x, 310 p.
|
| 490 |
0 |
|
|a Wiley trading series
|
| 500 |
|
|
|a Includes index.
|
| 533 |
|
|
|a Electronic reproduction. Ann Arbor, MI : ProQuest, 2016. Available via World Wide Web. Access may be limited to ProQuest affiliated libraries.
|
| 650 |
|
0 |
|a Pairs trading.
|
| 650 |
|
0 |
|a Futures.
|
| 655 |
|
4 |
|a Electronic books.
|
| 856 |
4 |
0 |
|u https://ebookcentral.proquest.com/lib/matrademy/detail.action?docID=698884
|z Click to View
|